000 00447nmm a2200169Ia 4500
008 251105s9999||||xx |||||||||||||||||und||
020 _a9788496582170
041 _aspa
100 _aWallovits, J.D.
245 0 _aLa silla
264 _a[Madrid, España] :
_bOcho y Medio,
_c2006
300 _a54 páginas
490 _aFurtivos
650 _aLatin American narrative
856 _uhttps://public.digitaliapublishing.com/a/420
942 _cCF
999 _c89994
_d89994